LEADER 01599nam 2200397Ia 450 001 9910695327503321 005 20061019165904.0 035 $a(CKB)5470000002369478 035 $a(OCoLC)73726868 035 $a(EXLCZ)995470000002369478 100 $a20061019d2003 ua 0 101 0 $aeng 135 $aurbn|---||||| 181 $ctxt$2rdacontent 182 $cc$2rdamedia 183 $acr$2rdacarrier 200 10$aMeasuring the foreign-born population in the United States with the current population survey$b[electronic resource] $e1994-2002 /$fA. Dianne Schmidley and J. Gregory Robinson 210 1$aWashington, D.C. :$cPopulation Division, U.S. Bureau of the Census,$d2003. 215 $a1 volume (various pagings) $cdigital, PDF file 225 1 $aPopulation Division Working Paper ;$vno. 73 300 $aTitle from title screen (viewed Oct. 19, 2006). 300 $a"October 2003." 320 $aIncludes bibliographical references. 517 $aMeasuring the foreign-born population in the United States with the current population survey 606 $aHispanic Americans$xPopulation 607 $aUnited States$vCensus, 2000 615 0$aHispanic Americans$xPopulation. 700 $aSchmidley$b A. Dianne$01380717 701 $aRobinson$b J. Gregory$01380718 712 02$aUnited States.$bBureau of the Census.$bPopulation Division. 801 0$bGPO 801 1$bGPO 906 $aBOOK 912 $a9910695327503321 996 $aMeasuring the foreign-born population in the United States with the current population survey$93422716 997 $aUNINA LEADER 01733nam2 22003251i 450 001 UON00512653 005 20231205105506.706 100 $a20230321d1981 |0itac50 ba 101 $aeng$aARA 102 $aIT 105 $a||||b ||||| 200 1 $aCatalogue of the Arabic Manuscripts in the Biblioteca Ambrosiana. Vol. 2. : Nuovo Fondo: series A-D (Nos.1-830)$fby Oscar Löfgren and Renato Traini 210 $aVicenza$cNeri Pozza$d1981 215 $aXXIX, 455 p., 16 p. di tav. rimontate$cill.$d31 cm 410 1$1001UON00437307$12001 $aFontes Ambrosiani. New series$fIn lucem edit cura et studio Bibliothecae Ambrosianae$v66 461 1$1001UON00512651$12001 $aCatalogue of the Arabic manuscripts in the Biblioteca Ambrosiana$fby Oscar Löfgren and Renato Traini$1210 $aVicenza$cN. Pozza$1215 $av.$cill.$d31 cm$v2 606 $aManoscritti arabi$xMilano$xBiblioteca Ambrosiana$3UONC100832$2FI 606 $aMilano$xBiblioteca Ambrosiana$xCataloghi$3UONC100592$2FI 620 $aIT$dVicenza$3UONL001247 676 $a016.091$cBibliografie su manoscritti$v21 702 1$aLöfgren$bOscar$3UONV011360 702 1$aTraini$bRenato$3UONV007487 710 02$aBiblioteca Ambrosiana$3UONV270581$0185922 712 $aNeri Pozza$3UONV271795$4650 801 $aIT$bSOL$c20260206$gRICA 899 $aSIBA - SISTEMA BIBLIOTECARIO DI ATENEO E ARCHIVIO STORICO$2UONSI 912 $aUON00512653 950 $aSIBA - SISTEMA BIBLIOTECARIO DI ATENEO E ARCHIVIO STORICO$dSI FONDO RICCI 484/2 $eSI 41251 7 484/2 996 $aCatalogue of the Arabic Manuscripts in the Biblioteca Ambrosiana. Vol. 2. : Nuovo Fondo: series A-D (Nos.1-830)$93894502 997 $aUNIOR